Madera - quiz - Statystyki

Ogólne statystyki
  • Ten quiz został rozwiązany 10 razy
  • Średni wynik to 8 z 15
Statystyki odpowiedzi
Zagadnienie Odpowiedź % Poprawnych
Nad jakim oceanem leży Madera? Atlantyckim
83%
Jak nazywa się stolica wyspy? Funchal
83%
Do jakiego państwa należy Madera Portugalii
83%
Do którego kontynentu Madera znajduje się najbliżej? Afryka
67%
Kto znany urodził się na Maderze? Cristiano Ronaldo
67%
Jak nazywa się słynny las złożony z drzew wawrzynowych na polanie, który najlepiej wygląda we mgle Fanal
67%
Czym jest Levada? Kanałem transportującym wodę
67%
Czy w stolicy wyspy kiedykolwiek zarejestrowano ujemną temperaturę? Nie
50%
Jak nazywa się tradycyjny napój alkoholowy z wyspy? Poncha
50%
Czy Madera jest wyspą wulkaniczną? Tak
50%
Cabo Girão to: Najwyższy klif na wyspie
33%
Z czego słynie Seixal? Plaży
33%
Jakim skrótem oznaczone są wyróżnione szlaki turystyczne? PR
33%
Skąd wzięła się nazwa 25 fontes odnosząca się do wodospadu na wyspie? Od ilości wodospadów spadających do 1 jeziorka
17%
Najwyższym szczytem Madery jest: Pico Ruivo
17%
Nie znaleziono quizów pasujących do podanych kryteriów
Rozkład punktacji
Procent ludzi z każdym wynikiem
Percentyl według liczby udzielonych odpowiedzi
Twoja historia wyników
Nie rozwiązałeś tego quizu